000 00259nam a2200097Ia 4500
008 240331s9999 xx 000 0 und d
082 _bVEE
100 _aVeeraman, K,
245 0 _aAccording to Law we are still Shudras-But how? :
_bA socio-legal study
942 _cL
999 _c2808
_d2808